000
00285nam a2200121Ia 4500
008
191201s2014 xx 000 0 und d
100
_a
GROVER, G.K.
245
0
_a
Mechanical Vibration
260
_a
N. Delhi
_b
Nem Chand
_c
2014
300
_a
446
650
_a
B.Tech(ME)
942
_2
ddc
_c
BK
999
_c
6196
_d
6196